Vainqueur Mister Olympia - Statistiques

Statistiques générales
  • Ce quiz a été pris 109 fois
  • Le résultat moyen est 8 sur 20
Statistiques - réponses
Année Athlète % Correct
1998-2005 Ronnie Coleman
91%
1970-1975 Arnold Schwarzenegger
82%
1980 Arnold Schwarzenegger
82%
2009-2010 Jay Cutler
68%
2006-2007 Jay Cutler
68%
1992-1997 Dorian Yates
42%
2022 Hadi Choopan
41%
2020-2021 Mamdouh Elssbiay "Big Ramy"
36%
1984-1991 Lee Haney
34%
2011-2017 Phil Heath
33%
1977-1979 Frank Zane
30%
1967-1969 Sergio Oliva
24%
2008 Dexter Jackson
22%
1976 Franco Columbo
22%
1981 Franco Columbo
22%
1965-1966 Larry Scott
22%
2019 Brandon Curry
17%
2018 Shawn Rhoden
16%
1983 Samir Bannout
11%
1982 Chris Dickerson
9%
Aucun quiz correspondant
Distribution des résultats
% des personnes avec chaque résultat
Percentile par nombre de réponses
Votre historique - résultats
Vous n’avez pas pris ce quiz